Statistics for Provinces, states and counties

Click here to take the quiz!

General Stats

  • This quiz has been taken 432 times
    (305 since last reset)
  • The average score is 14 of 29

Answer Stats

HintAnswer% Correct
NYNew York
99%
NSWNew South Wales
92%
VICVictoria
92%
AZArizona
91%
QLDQueensland
90%
QCQuebec
81%
MIMichigan
79%
WAWestern Australia / Washington
78%
NENebraska
70%
MEMaine
64%
SDSouth Dakota
58%
NTNorthern Territory / Northwestern Territories
53%
YTYukon
51%
MBManitoba
50%
NSNova Scotia
49%
SKSaskatchewan
48%
ACTAustralian Capital Territory
42%
SASouth Australia
34%
SXSussex
34%
OXONOxfordshire
27%
ECEastern Cape
23%
HANTSHampshire
18%
ZNKwaZulu-Natal
17%
SALOPShropshire
12%
GPGauteng
10%
LLimpopo
9%
SYSurrey
7%
MXMiddlesex
6%
MPMpumalanga
6%

Score Distribution

Percentile by Number Answered

Percent of People with Each Score

Your Score History

You have not taken this quiz since the last reset